International Accounting and Reporting. (Record no. 1551)

MARC details
005 - DATE AND TIME OF LATEST TRANSACTION
control field 20250417114632.0
020 ## - INTERNATIONAL STANDARD BOOK NUMBER
International Standard Book Number 0-02-334550-0
082 ## - DEWEY DECIMAL CLASSIFICATION NUMBER
Classification number 657.95 EVA
100 ## - MAIN ENTRY--PERSONAL NAME
Author name EVANS, A. T.
245 ## - TITLE STATEMENT
Title International Accounting and Reporting.
260 ## - PUBLICATION, DISTRIBUTION, ETC.
Place of publication, distribution, etc. New York,
Name of publisher, distributor, etc. Macmillan,
Date of publication, distribution, etc. 1985.
300 ## - PHYSICAL DESCRIPTION
Extent Xix, 412p.: ill.; figure, table
Other physical details Index & References
Dimensions 24cm.
700 ## - ADDED ENTRY--PERSONAL NAME
Other authors/Editors TAYLOR, M. E. & HOLZMANN, O.
942 ## - ADDED ENTRY ELEMENTS (KOHA)
Source of classification or shelving scheme Dewey Decimal Classification
Koha item type Books
Holdings
Date last seen Total checkouts Full call number Barcode Cost, replacement price Price effective from Koha item type Lost status Source of classification or shelving scheme Damaged status Not for loan Withdrawn status Home library Current library Shelving location Date acquired Cost, normal purchase price
04/17/2025   657.95 EVA 0000006016 30000.00 04/17/2025 Books   Dewey Decimal Classification       College of Business Education Main Library College of Business Education Main Library General Collection 04/17/2025 10000.00
04/17/2025   657.95 EVA 0000006017 30000.00 04/17/2025 Books   Dewey Decimal Classification       College of Business Education Main Library College of Business Education Main Library General Collection 04/17/2025 10000.00
04/17/2025   657.95 EVA 0000006018 30000.00 04/17/2025 Books   Dewey Decimal Classification       College of Business Education Main Library College of Business Education Main Library General Collection 04/17/2025 10000.00
04/17/2025   657.95 EVA 0000006019 30000.00 04/17/2025 Books   Dewey Decimal Classification       College of Business Education Main Library College of Business Education Main Library General Collection 04/17/2025 10000.00